000 00980cam a22002411i 4500
003 SA-RiAUC
005 20250430064809.0
008 250429s2016____su g f000 0cara c
040 _aSA-JeALM
_bara
_cSA-RiAUC
_erda
043 _aa-su---
082 0 4 _a234.60953121
_qSA-RiAUC
090 _a234.60953121
_b س ن و
100 1 _aالسنوسي، رضا محمد صفي الدين
_eمؤلف.
245 1 2 _aالمحدثون المكيون في القرن العاشر الهجري /
_cرضا محمد صفي الدين السنوسي.
264 1 _aالرياض :
_bرضا محمد صفي الدين السنوسي.
_c2016
300 _a101 صفحة ؛
_c24 سم
336 _aنص
_btxt
_2rdacontent
_3كتاب
337 _aبدون وسيط
_bn
_2rdamedia
338 _aمجلد
_bnc
_2rdacarrier
650 7 _aالحديث
_xتراجم الرواة
_zمكة المكرمة
_yقرن 10 هجري
_2aucsh
942 _2ddc
_cBOOK
_n0
949 _aSA-JeALM
_d250429
_umohamedma123
_n1
999 _c7454
_d7454